| 000 | 00694nam a22002417a 4500 | ||
|---|---|---|---|
| 003 | UA-OsUOA | ||
| 001 | 74184 | ||
| 007 | ta | ||
| 008 | 20110328b un ||||| |||| 00| 0 ukr d | ||
| 090 |
_a1(091) (082) _bМ90 |
||
| 942 | _cBK | ||
| 040 |
_aUA-OsUOA _bukr _cUA-OsUOA _dUA-OsUOA |
||
| 245 |
_aМультиверсум. Філософський альманах _bЗбірник наукових праць _cгол. ред. В.В.Лях |
||
| 300 | _a252 с. | ||
| 955 | _a2 | ||
| 041 | _aukr | ||
| 080 | _a1(091) (082) | ||
| 020 | _a978-966-02-4656-0 | ||
| 260 |
_aК. _c2009 |
||
| 250 | _nВипуск 76 | ||
| 650 | 7 |
_a1(091) Історія філософії _2UDC |
|
| 999 |
_c360472 _d360472 |
||